000 03180nam a22002777a 4500
005 20240305165551.0
007 cr|||| ||||
008 201022s2020 co |||||s|||| 00||0 spa d
020 _a978-958-760-223-4
035 _a32119
040 _avLex
090 _c10782
_d10782
100 1 _aHernández Arteaga, Isabel
245 1 0 _aEconomía social y solidaria en la educación superior
_h[Recurso electrónico] :
_bun espacio para la innovación /
_cIsabel Hernández Arteaga, Colombia Pérez Muñoz
_nTomo 1
256 _aServicio en línea
260 _aMedellín:
_bUniversidad Cooperativa de Colombia,
_c2020
300 _a1 recurso electrónico
500 _aEste primer tomo de la colección Economía social y solidaria en la educación superior: un espacio para la innovación está conformado por artículos que dan cuenta del poderoso vínculo que se genera al introducir la realidad, la teoría y la práctica de la economía social y solidaria en el currículo de universidades del Reino Unido, Colombia, Argentina, Canadá, Francia, España y Brasil. Los autores exponen experiencias que aportan al mejoramiento de los modelos pedagógicos institucionales, al desarrollo de competencias para los profesores y al empoderamiento de los jóvenes desde el aula para incidir en sus realidades locales. Esto se hace a través de ejemplos de desarrollos curriculares que derivan en la gestión de cooperativas y en la promoción de políticas públicas en alianza con los gobiernos nacionales. Además, se exponen experiencias de diálogo de saberes y se muestra cómo el vínculo con los mercados agroecológicos puede ser un escenario de apropiación social del conocimiento que favorece la participación ciudadana. En los últimos capítulos, se resalta la importancia de los ecosistemas universitarios de apoyo a la economía social y solidaria y la experiencia de las incubadoras para sintonizar a la comunidad académica con el territorio. De esta forma, se destaca la manera en que dicha estrategia permite proponer soluciones efectivas a problemas o necesidades sociales, económicas y ambientales, a través del emprendimiento solidario y la innovación social. Al igual que en los demás tomos, se hace evidente que la experiencia de educación en economía social y solidaria no solo puede responder a las demandas de un mundo cambiante, también puede inspirar la apropiación de futuro para el logro del bien común mundial. Palabras clave: academia, diálogo de saberes, economía solidaria, educación superior, estrategias pedagógicas.
506 1 _aDisponible solo en los productos indicados
_dvLex Global
_dvLex Global (Academic Edition, excluding Law Schools)
_dvLex Global (U.S. Academic Edition, Law Schools)
_dvLex Global (U.S. Academic Edition, excluding Law Schools)
_dvLex Global (Academic Edition, Law Schools)
650 0 4 _aEducación
_zColombia
650 0 4 _aEconomía y negocios
_zColombia
700 1 _aPérez Muñoz, Colombia
740 0 _avLex Libros (Servicio en línea)
856 4 0 _uhttps://app.vlex.com/#/sources/economia-social-y-solidaria-en-la-educacion-superior-un-espacio-para-la-innovacion-tomo-1-32119
942 _cRAA
999 _c169018
_d169018